<?xml version="1.0" encoding="UTF-8"?>
<record
    xmlns:xsi="http://www.w3.org/2001/XMLSchema-instance"
    xsi:schemaLocation="http://www.loc.gov/MARC21/slim http://www.loc.gov/standards/marcxml/schema/MARC21slim.xsd"
    xmlns="http://www.loc.gov/MARC21/slim">

  <leader>02590nam a2200301   4500</leader>
  <controlfield tag="001">ESSALUD</controlfield>
  <controlfield tag="007">ta</controlfield>
  <controlfield tag="008">      t2026    pe ||||| |||| 00| 0 spa d</controlfield>
  <datafield tag="040" ind1=" " ind2=" ">
    <subfield code="a">BMG</subfield>
  </datafield>
  <datafield tag="041" ind1=" " ind2=" ">
    <subfield code="a">spa</subfield>
  </datafield>
  <datafield tag="100" ind1=" " ind2=" ">
    <subfield code="a">Castro N&#xFA;&#xF1;ez, Michael Bryant</subfield>
    <subfield code="e">autor</subfield>
    <subfield code="9">52683</subfield>
  </datafield>
  <datafield tag="245" ind1=" " ind2=" ">
    <subfield code="a">Factores asociados a la resistencia de eritropoyetina en pacientes con enfermedad renal cr&#xF3;nica en hemodi&#xE1;lisis</subfield>
  </datafield>
  <datafield tag="300" ind1=" " ind2=" ">
    <subfield code="a">p&#xE1;ginas 16-24</subfield>
  </datafield>
  <datafield tag="520" ind1=" " ind2=" ">
    <subfield code="a">Los pacientes con enfermedad renal cr&#xF3;nica (ERC) desarrollan resistencia a la eritropoyetina (&#x3B1;EPO), un evento asociado con la mortalidad. El objetivo del estudio fue identificar los factores que generan resistencia a &#x3B1;EPO en ERC en hemodi&#xE1;lisis (HD). Dise&#xF1;o longitudinal, retrospectivo y anal&#xED;tico. Se analiz&#xF3; una muestra de 56 pacientes con ERC en HD. Para determinar la resistencia a &#x3B1;EPO se calcul&#xF3; el &#xED;ndice de resistencia a la eritropoyetina (IRE). Se midi&#xF3; el hierro s&#xE9;rico y se clasific&#xF3; a los pacientes con resistencia absoluta cuando mostraron saturaci&#xF3;n de transferrina (ST)&lt; 10%, hemoglobina (Hb) &lt; 11 e IRE &#x2265; 9,06, o con resistencia relativa cuando la ST estuvo entre 10 &#x2013; 20%, Hb &lt; 11 e IRE &#x2265; 9,06. Se detect&#xF3; resistencia a la &#x3B1;EPO en el 28,5% de los pacientes. La prevalencia de anemia fue de 41,1%, de los cuales el 69,6% present&#xF3; IRE alta. El grupo de IRE alta mostr&#xF3; una elevada asociaci&#xF3;n con ferritina y calcio s&#xE9;rico; mientras que la concentraci&#xF3;n de hierro s&#xE9;rico es m&#xE1;s baja (8,9 &#xB5;M/L; 6,6 &#x2013; 13,2). Los factores de riesgo asociados a IRE fueron: Hb &lt;11 (OR=2,31;  p&lt;0,020) y ferritina (OR=1,001; p&lt;0,001). El estudio evidenci&#xF3; una elevada resistencia a &#x3B1;EPO y una deficiencia de hierro s&#xE9;rico en pacientes con ERC en HD. El IRE alto se asoci&#xF3; significativamente con Hb, hierro, calcio s&#xE9;rico, ferritina. La concentraci&#xF3;n de hierro s&#xE9;rico act&#xFA;a como factor protector de la resistencia a &#x3B1;EPO.</subfield>
  </datafield>
  <datafield tag="650" ind1=" " ind2=" ">
    <subfield code="a">ERITROPOYETINA</subfield>
    <subfield code="9">48333</subfield>
  </datafield>
  <datafield tag="650" ind1=" " ind2=" ">
    <subfield code="a">DI&#xC1;LISIS RENAL</subfield>
    <subfield code="9">11785</subfield>
  </datafield>
  <datafield tag="650" ind1=" " ind2=" ">
    <subfield code="a">INSUFICIENCIA RENAL CR&#xD3;NICA</subfield>
    <subfield code="9">12357</subfield>
  </datafield>
  <datafield tag="650" ind1=" " ind2=" ">
    <subfield code="a">HIERRO</subfield>
    <subfield code="9">6617</subfield>
  </datafield>
  <datafield tag="700" ind1=" " ind2=" ">
    <subfield code="a">Goyoneche Linares, Gabriela</subfield>
    <subfield code="e">autor</subfield>
    <subfield code="9">52684</subfield>
  </datafield>
  <datafield tag="700" ind1=" " ind2=" ">
    <subfield code="a">Granda Alacote, Ana</subfield>
    <subfield code="e">autor</subfield>
    <subfield code="9">52685</subfield>
  </datafield>
  <datafield tag="700" ind1=" " ind2=" ">
    <subfield code="a">Murillo Carrasco, Alexis Germ&#xE1;n</subfield>
    <subfield code="e">autor</subfield>
    <subfield code="9">52682</subfield>
  </datafield>
  <datafield tag="700" ind1=" " ind2=" ">
    <subfield code="a">Rufasto Goche, Katherine</subfield>
    <subfield code="e">autor</subfield>
    <subfield code="9">52686</subfield>
  </datafield>
  <datafield tag="700" ind1=" " ind2=" ">
    <subfield code="a">Liendo Liendo, Cesar</subfield>
    <subfield code="e">autor</subfield>
    <subfield code="9">52687</subfield>
  </datafield>
  <datafield tag="700" ind1=" " ind2=" ">
    <subfield code="a">Arrun&#xE1;tegui Correa, V&#xED;ctor</subfield>
    <subfield code="e">autor</subfield>
    <subfield code="9">52688</subfield>
  </datafield>
  <datafield tag="700" ind1=" " ind2=" ">
    <subfield code="a">Diaz-Obreg&#xF3;n, Daysi</subfield>
    <subfield code="e">autor</subfield>
    <subfield code="9">52689</subfield>
  </datafield>
  <datafield tag="773" ind1="0" ind2=" ">
    <subfield code="0">22497</subfield>
    <subfield code="9">22595</subfield>
    <subfield code="d">Lima :  IETSI</subfield>
    <subfield code="o">CITES01</subfield>
    <subfield code="t">Ciencia y Tecnolog&#xED;a aplicada a la Salud P&#xFA;blica</subfield>
    <subfield code="w">ESSALUD</subfield>
    <subfield code="x">3119-7981</subfield>
  </datafield>
  <datafield tag="942" ind1=" " ind2=" ">
    <subfield code="c">ARTICULOS</subfield>
    <subfield code="e">2026-06-11</subfield>
    <subfield code="z">AFC</subfield>
  </datafield>
  <datafield tag="999" ind1=" " ind2=" ">
    <subfield code="c">22518</subfield>
    <subfield code="d">22518</subfield>
  </datafield>
</record>
